Geography Quiz

Random Geography or City Quiz

City Profile: Moscow Quiz Stats

 Plays Quiz Updated Aug 12, 2018

Score 0/30 Timer 06:00
1 Play Today
Category Moscow Fact % Correct
CountryRussia
99.3%
Flag ColorDark Red
95.8%
Flag ColorSilver
94.4%
Flag ColorBlue
93.3%
Largest ethnic group (91.5%)Russian
87.9%
Largest religionRussian Orthodoxy
86.2%
Population (in millions)~12,342,000
83.5%
Number of okrugs (districts)12
83.5%
Flag ColorGold
76.4%
Famous cathedralSaint Basil's Cathedral
68.6%
Central city plazaRed Square
68.2%
Former royal citadel, president's residenceKremlin
67.1%
Year Hosting Summer Olympics1980
61%
Historic ballet and opera theatreBolshoi Theatre
46.5%
DemonymMuscovite
43.8%
Category Moscow Fact % Correct
2nd largest ethnic group (1.5%)Ukrainian
43.5%
Main riverMoskva
38%
Year Metro opened1935
33.1%
Central ParkGorky Park
31.3%
Time zoneUTC+03:00
30.6%
Oldest sport clubCSKA Moscow
22.8%
MayorSergei Sobyanin
22.1%
Year first referenced1147
21.5%
Oldest Institute of Higher LearningMoscow State University
19.9%
Largest stadiumLuzhniki Stadium
18.6%
Primary international airportSheremetyevo
16.6%
Tallest structure (540 m)Ostankino Tower
16.5%
Primary domestic airportDomodedovo
14.8%
Tallest building (450 m)Federation Tower
14.3%
Famous LibraryRussian State Library
13.1%

You're not logged in!

Compare scores with friends on all Sporcle quizzes.
OR
Log In

Sporcle TV

Today on Sporcle TV


Watch our educational content, quiz creation guides, and fun videos on Sporcle TV.

Show Comments

Extras

Top Quizzes Today


Score Distribution

Your Account Isn't Verified!

In order to create a playlist on Sporcle, you need to verify the email address you used during registration. Go to your Sporcle Settings to finish the process.

Report this User

Report this user for behavior that violates our Community Guidelines.

Details: